Szczegóły MARC
| 000 -ETYKIETA REKORDU |
| podpole kontrolne o stałej długości |
01970nam a2200385 i 4500 |
| 001 - NUMER KONTROLNY REKORDU |
| pole kontrolne |
4710 |
| 003 - IDENTYFIKATOR NUMERU KONTROLNEGO REKORDU |
| podpole kontrolne |
KOSZ 005 |
| 005 - DATA OSTATNIEJ MODYFIKACJI REKORDU |
| podpole kontrolne |
20200522125158.0 |
| 008 - POLE O STAŁEJ DŁUGOŚCI - DANE KONTROLNE |
| podpole kontrolne o stałej długości |
200522s1992 pl f 000 0 pol |
| 040 ## - ŹRÓDŁO KATALOGOWANIA |
| Instytucja, która utworzyła rekord |
KOSZ 005 |
| Instytucja, która sporządziła opis |
KOSZ 005 |
| Instytucja, która dokonała modyfikacji |
KOSZ 005/AR |
| 080 ## - UNIWERSALNA KLASYFIKACJA DZIESIĘTNA - UKD |
| UKD |
629.33 |
| 080 ## - UNIWERSALNA KLASYFIKACJA DZIESIĘTNA - UKD |
| UKD |
629.33.02 |
| 080 ## - UNIWERSALNA KLASYFIKACJA DZIESIĘTNA - UKD |
| UKD |
629.33.07 |
| 080 ## - UNIWERSALNA KLASYFIKACJA DZIESIĘTNA - UKD |
| UKD |
629.33.083 |
| 245 00 - TYTUŁ/ODPOWIEDZIALNOŚĆ |
| Tytuł |
VW Golf/Jetta/GTl/16V : |
| Ciąg dalszy tytułu |
1,6 l/55 kW (75 KM) od września 1983, 1,8 l/66 kW (90 KM) od lutego 1984, 1,8 l/82 kW (112 KM) od lutego 1984, 1,8 l/102 kW (139 KM) od sierpnia 1985. Modele z katalizatorami : 1,6 l/51 kW (70 KM) od lutego 1987, 1,6 l/53 kW (72 KM) od kwietnia 1986, 1,8 l/62 kW (85 KM) od września 1986, 1,8 l/66 kW (90 KM) od lutego 1984, 1,8 l/72 kW (98 KM) od sierpnia 1988, 1,8 l/77 KW (105) KM od stycznia do lipca 1985, 1,8 l/79 kW (107 KM), z katalizatorem/bez katalizatora od września 1985 : 1,8 l/95 KW (129 KM) od marca 1986, 1,8 l/kW (160 KM) od lutego 1989. |
| 246 14 - WARIANT TYTUŁU |
| Tytuł |
VW Golf, VW Jetta : |
| Ciąg dalszy tytułu |
VW Golf/GTl/16V/SYNCRO 70/72/75/85/90/98/105/107/112/129/139/160 PS ab Sept. '83, VW Jetta/GT/16/16V 70/72/75/85/90/98/105/107/112/129/139 PS ab Febr. '84 |
| 260 ## - STREFA ADRESU WYDAWNICZEGO |
| Miejsce wydania |
Białystok : |
| Nazwa wydawcy/dystrybutora |
Wydawnictwo "Rondo" sp. zo.o., |
| Data publikacji, dystrybucji/powstania dokumentu |
1992. |
| 300 ## - STREFA OPISU FIZYCZNEGO |
| Objętość |
140, [2] strony : |
| Inne cechy fizyczne |
ilustracje ; |
| Rozmiary |
29 cm. |
| 336 ## - TYP ZAWARTOŚCI |
| Termin opisujący typ zawartości |
Tekst |
| Kod określający zawartość |
txt |
| Źródło (terminu i kodu) |
rdacontent |
| 337 ## - TYP MEDIÓW |
| Tryb odtwarzania |
Bez urządzenia pośredniczącego |
| Kod typu mediów |
n |
| Źródło (terminu i kodu) |
rdamedia |
| 338 ## - TYP/RODZAJ NOŚNIKA |
| Hasło opisujące typ nośnika |
Wolumin |
| Kod typu nośnika |
nc |
| Źródło (terminu i kodu) |
rdacarrier |
| 380 ## - FORMA I TYP PUBLIKACJI |
| Forma i typ publikacji |
Książka |
| 380 ## - FORMA I TYP PUBLIKACJI |
| Forma i typ publikacji |
Publikacje fachowe |
| 388 ## - CZAS POWSTANIA |
| Czas powstania |
1901-2000 |
| 388 ## - CZAS POWSTANIA |
| Czas powstania |
1989-2000 |
| 490 1# - STREFA SERII I DOKUMENTU WIELOCZĘŚCIOWEGO - FORMA NIE DO WYSZUKIWANIA |
| Tytuł i oznaczenie odpowiedzialności serii |
Budowa, Eksploatacja, Naprawa |
| 650 ## - HASŁO PRZEDMIOTOWE W FORMIE NAZWY OGÓLNEJ LUB JEDNOSTKOWEJ |
| Nazwa ogólna lub geograficzna |
Samochody osobowe |
| 650 ## - HASŁO PRZEDMIOTOWE W FORMIE NAZWY OGÓLNEJ LUB JEDNOSTKOWEJ |
| Nazwa ogólna lub geograficzna |
Volkswagen Golf |
| 650 ## - HASŁO PRZEDMIOTOWE W FORMIE NAZWY OGÓLNEJ LUB JEDNOSTKOWEJ |
| Nazwa ogólna lub geograficzna |
Volkswagen Jetta |
| 658 ## - TERMIN INDEKSOWY - PRZEDMIOT PROGRAMU NAUCZANIA |
| Główny przedmiot programu nauczania |
Inżynieria i technika |
| 710 ## - HASŁO DODATKOWE - NAZWA CIAŁA ZBIOROWEGO |
| Kod określenia powiązania |
pbl |
| Nazwa ciała zbiorowego lub jednostki geograficznej |
Wydawnictwo "Rondo" |
| 830 #0 - HASŁO DODATKOWE SERII LUB DOKUMENTU WIELOCZĘŚCIOWEGO - TYTUŁ UJEDNOLICONY |
| Tytuł ujednolicony |
Budowa, Eksploatacja, Naprawa - Wydawnictwo "Rondo" |
| 856 ## - LOKALIZACJA I DOSTĘP DO ELEKTRONICZNYCH DOKUMENTÓW ZDALNYCH |
| Link (URL) |
http://koha.tu.koszalin.pl/cgi-bin/koha/opac-detail.pl?biblionumber=4710 |
| Tekst linku |
Katalog online BPK |
| 942 ## - DODATKOWE ELEMENTY (KOHA) |
| Typ dokumentu |
Książka |
| Schemat klasyfikacji |
Uniwersalna Klasyfikacja Dziesiętna |